Гетерогенные потоки в инновационных технологиях

Бібліографічні деталі
Автор: Никитин П. В. Петр Васильевич
Співавтор: Московский авиационный институт (МАИ)
Резюме:На основе данных, опубликованных в отечественной и зарубежной печати, а также исследований, проведенных в Московском авиационном институте (государственном техническом университете) «МАИ», в монографии рассмотрены перспективы использования высокоскоростных гетерогенных потоков в инновационных технологиях. В частности, представлены и критически проанализированы традиционные газотермические методы (газопламенный, электродуговой, детонационный и плазменный). Эти методы в течение многих лет находят широкое применение для нанесения защитных покрытий в различных отраслях промышленности. Особое внимание в книге уделено разработке методов и средств реализации нового газодинамического низкотемпературного метода (НТГДМ) формирования покрытий, приоритет на разработку которого получен МАИ в 1991г. Разработанные на базе этого метода технологии получили наименование НТГДМ-технологий. Данный метод является логическим развитием холодного газодинамического метода (ХГМ), который был разработан в НИИ «Теоретической и прикладной механики» СО АН СССР и получил приоритет. ХГМ вызвал широкий интерес в мировой научной общественности и получил наименование «Cold Spray Process». В предлагаемой читателю монографии представляется возможным познакомиться как с анализом процессов, сопутствующих формированию разнофункциональных покрытий НТГДМ-технологисй, так и с оборудованием, разработанным в МАИ и получившим признание в ряде российских и зарубежных фирм.
Мова:Російська
Опубліковано: Москва, Янус-К, 2010
Предмети:
Формат: Книга
KOHA link:https://koha.lib.tpu.ru/cgi-bin/koha/opac-detail.pl?biblionumber=178551

MARC

LEADER 00000nam0a2200000 4500
001 178551
005 20231031165927.0
010 |a 9785803704584 
035 |a (RuTPU)RU\TPU\book\193558 
090 |a 178551 
100 |a 20100407d2010 k y0rusy50 ca 
101 0 |a rus 
102 |a RU 
105 |a af z 001zy 
200 1 |a Гетерогенные потоки в инновационных технологиях  |f П. В. Никитин  |g Московский авиационный институт (МАИ) 
210 |a Москва  |c Янус-К  |d 2010 
215 |a 244 с.  |c ил. 
320 |a Библиогр.: с. 235-243. 
330 |a На основе данных, опубликованных в отечественной и зарубежной печати, а также исследований, проведенных в Московском авиационном институте (государственном техническом университете) «МАИ», в монографии рассмотрены перспективы использования высокоскоростных гетерогенных потоков в инновационных технологиях. В частности, представлены и критически проанализированы традиционные газотермические методы (газопламенный, электродуговой, детонационный и плазменный). Эти методы в течение многих лет находят широкое применение для нанесения защитных покрытий в различных отраслях промышленности. Особое внимание в книге уделено разработке методов и средств реализации нового газодинамического низкотемпературного метода (НТГДМ) формирования покрытий, приоритет на разработку которого получен МАИ в 1991г. Разработанные на базе этого метода технологии получили наименование НТГДМ-технологий. Данный метод является логическим развитием холодного газодинамического метода (ХГМ), который был разработан в НИИ «Теоретической и прикладной механики» СО АН СССР и получил приоритет. ХГМ вызвал широкий интерес в мировой научной общественности и получил наименование «Cold Spray Process». В предлагаемой читателю монографии представляется возможным познакомиться как с анализом процессов, сопутствующих формированию разнофункциональных покрытий НТГДМ-технологисй, так и с оборудованием, разработанным в МАИ и получившим признание в ряде российских и зарубежных фирм. 
606 1 |a Защитные покрытия  |x Нанесение  |2 stltpush  |3 (RuTPU)RU\TPU\subj\11431 
610 1 |a газодинамические методы 
610 1 |a низкотемпературный метод 
610 1 |a параметры 
610 1 |a диагностика 
610 1 |a гетерогенные смеси 
610 1 |a математические модели 
610 1 |a межфазный теплообмен 
610 1 |a сверхзвуковые гетерогенные потоки 
610 1 |a твердые поверхности 
610 1 |a НТГДМ-технология 
610 1 |a металлические поверхности 
610 1 |a неметаллические поверхности 
675 |a 621.793  |v 3 
700 1 |a Никитин  |b П. В.  |g Петр Васильевич 
712 0 2 |a Московский авиационный институт (МАИ)  |2 stltpush  |3 (RuTPU)RU\TPU\col\3642 
801 1 |a RU  |b 63413507  |c 20100407 
801 2 |a RU  |b 63413507  |c 20131204  |g RCR 
942 |c BK